Código Penal: sistematizado con jurisprudencia
में बचाया:
| निगमित लेखक: | |
|---|---|
| अन्य लेखक: | |
| स्वरूप: | पुस्तक |
| भाषा: | स्पेनिश |
| प्रकाशित: |
Santiago, Chile:
Legal Publishing; Thomson Reuters,
2017
|
| संस्करण: | Tercera Edición. |
| विषय: | |
| टैग: |
टैग जोड़ें
कोई टैग नहीं, इस रिकॉर्ड को टैग करने वाले पहले व्यक्ति बनें!
|
MARC
| LEADER | 00000cam a2200000 a 4500 | ||
|---|---|---|---|
| 001 | UCC1955 | ||
| 003 | CL-VaPUC | ||
| 005 | 20240913101943.0 | ||
| 008 | 171214e20170000cl |||||||||||||||||spa|d | ||
| 999 | |c 370284 |d 370282 | ||
| 020 | |a 9789563469059 | ||
| 040 | |c Pontificia Universidad Católica de Valparaíso | ||
| 082 | 0 | 4 | |a 345.83 CHI 2017 |2 21 |
| 110 | 1 | |a Chile |9 890760 | |
| 245 | 1 | 0 | |a Código Penal: sistematizado con jurisprudencia |
| 250 | |a Tercera Edición. |b Actualizada al 6 de noviembre de 2017. | ||
| 260 | |a Santiago, Chile: |b Legal Publishing; |b Thomson Reuters, |c 2017 | ||
| 300 | |a 855 páginas | ||
| 500 | |a | ||
| 505 | |a Mensaje del Gobierno acompañando al Presente Código Penal al Congreso, Conciudadanos del Senado y de la Cámara de Diputados. -Libro Primero. -Libro Segundo. Crímenes y Simples Delitos y sus Penas. -Libro Tercero | ||
| 583 | |a last modification |c 20171214 17:05:00 |k Rodrigo Vera | ||
| 650 | 1 | |a Código penal chileno |9 484032 | |
| 650 | 1 | |a Derecho penal chileno |9 891364 | |
| 650 | 1 | |a Delitos |z Chile |9 891365 | |
| 650 | 1 | |a Penas |z Chile |9 890554 | |
| 650 | 1 | |a Crímenes |z Chile |9 890555 | |
| 650 | 1 | |a Jurisprudencia penal |9 256149 | |
| 700 | |a Matus Acuña, Jean Pierre |9 891351 | ||
| 942 | |c BK |2 ddc | ||
| 945 | |d 20171214 17:05:00 |a dcastane | ||
| 952 | |0 0 |1 0 |2 ddc |3 erb |4 0 |6 345_830000000000000_CHI_2017 |7 0 |8 R |9 486669 |a BIBDER |b BIBDER |i 5442060 |l 9 |o 345.83 CHI 2017 |p 5442060 |r 2024-03-19 |s 2024-03-19 |w 2019-11-24 |y BK_R |z Catalogado en:20171214 |k DER | ||